Normal view
MARC view
Entry Personal Name
001 - CONTROL NUMBER
- control field: 32712
003 - CONTROL NUMBER IDENTIFIER
- control field: OSt
005 - DATE AND TIME OF LATEST TRANSACTION
- control field: 20260702130504.0
008 - FIXED-LENGTH DATA ELEMENTS
- fixed length control field: 260702|| aca||aabn | a|a d
040 ## - CATALOGING SOURCE
- Original cataloging agency: OSt
- Transcribing agency: OSt
100 ## - HEADING--PERSONAL NAME
- Personal name: Alan Christopherson
670 ## - SOURCE DATA FOUND
- Source citation: Work cat.: (OSt)25968: Alan Christopherson, Language arts 800. Teacher's guide , 1999
